Alexandrinische Geronten vor Kaiser Gaius : ein Neues Brüchstückder sogenannten Alexandrinischen Märtyrer-Akten : P. bibl. Giss. 46 /

محفوظ في:

المؤلف الرئيسي: Premerstein, Anton von, 1869-1935 (مؤلف)

التنسيق: كتاب

اللغة: Ancient Greek

منشور في: Giessen : [Töpelmann], 1939.

سلاسل: Mitteilungen aus der Papyrussammlung der Giessener Universitatsbibliothek ; 5.

الموضوعات:

الوسوم: إضافة وسم

لا توجد وسوم, كن أول من يضع وسما على هذه التسجيلة!

رقم الطلب: PA3308 .G53 v.5

LEADER 00940nam a22002177a 4500
003 OSt
005 20250929070302.0
008 250929s1939 gw h 000 0 grc d
040 |c ARCE Library 
050 1 4 |a PA3308  |b .G53 v.5 
100 1 |a Premerstein, Anton von,  |d 1869-1935,   |e author  |9 37858 
245 1 0 |a Alexandrinische Geronten vor Kaiser Gaius :  |b ein Neues Brüchstückder sogenannten Alexandrinischen Märtyrer-Akten : P. bibl. Giss. 46 /   |c bearb. von Anton von Premerstein. 
264 1 |a Giessen :   |b [Töpelmann],   |c 1939. 
300 |a iii, 71 pages :  |b facsims. ;   |c 24 cm. 
490 1 |a Mitteilungen aus der Papyrussammlung der Giessener Universitatsbibliothek ;   |v 5. 
500 |a Schriften der Ludwigs-Universität zu Giessen ; Jahrg. 1936. 
650 0 |a Manuscripts, Greek (Papyri) 
830 0 |a Mitteilungen aus der Papyrussammlung der Giessener Universitatsbibliothek ;   |v 5. 
901 |a reviewed 
942 |c BK  |2 lcc 
999 |c 22276  |d 22276